LEADER 01731nas--2200481---450- 001 990006118410203316 005 20161125130140.0 035 $a000611841 035 $aUSA01000611841 035 $a(ALEPH)000611841USA01 035 $a000611841 100 $a20160129d--------km-y0itay50------ba 101 $aita 102 $aIT 105 $aa---||||001yy 200 1 $aAreA Vasta$egiornale di pianificazione e organizzazione del territorio$fProvincia di Salerno 207 $aA.1, n.1/2 (2000)- 210 $aNapoli$aEdizioni Graffiti$c2000- 215 $avolumi$cill.$d22x24 cm$e1 fasc. (21 p.) 300 $aTit. del fasc.: Schede: Berlino oltre Postdamer Platz, marzo 2003, n. 1$aTit. del fasc.: Schede: Rapporto sessanta: la pianificazione urbanistica comunale in Campania, 1942-2002, n.4 300 $aSuppl. alla rivista AreA Vasta 326 $aSemestrale 606 0 $aArchitettura$xPeriodici$2BNCF 676 $a720.5 712 1$aProvincia di Salerno 801 0$aIT$bsalbc$gISBD 912 $a990006118410203316 958 $aTEC$bFondo Cardone$c2000-2006; 958 $aTEC$bFondo$c2000-2007; 959 $aSE 979 $aPAOLA$b90$c20160129$lUSA01$h1145 979 $aPAOLA$b90$c20160201$lUSA01$h1718 979 $aPAOLA$b90$c20160201$lUSA01$h1728 979 $aPAOLA$b90$c20160201$lUSA01$h1731 979 $aPAOLA$b90$c20160201$lUSA01$h1732 979 $aANGELA$b90$c20160506$lUSA01$h1611 979 $aANGELA$b90$c20160506$lUSA01$h1613 979 $aANGELA$b90$c20160506$lUSA01$h1614 979 $aANGELA$b90$c20160509$lUSA01$h1645 979 $aANGELA$b90$c20160712$lUSA01$h1338 979 $aANGELA$b90$c20161125$lUSA01$h1301 996 $aAreA Vasta$91384527 997 $aUNISA LEADER 00805nam0-22002651i-450- 001 990006242770403321 005 19980601 035 $a000624277 035 $aFED01000624277 035 $a(Aleph)000624277FED01 035 $a000624277 100 $a19980601d1895----km-y0itay50------ba 105 $a--------00-yy 200 1 $aDella distinzione tra servitu' rustiche ed urbane$econtributo alla teoria delle servitu' prediali$fCarlo Arno'. 210 $aTorino$cBocca$d1895 676 $a346.0435 700 1$aArnò,$bCarlo$f<1868-1953>$0406038 801 0$aIT$bUNINA$gRICA$2UNIMARC 901 $aBK 912 $a990006242770403321 952 $aDONO SCUTO VIII 45$b29175*$fFGBC 959 $aFGBC 996 $aDella distinzione tra servitu' rustiche ed urbane$9638620 997 $aUNINA DB $aGIU01 LEADER 00873nam0-22003011i-450- 001 990005729180403321 005 20140417130203.0 035 $a000572918 035 $aFED01000572918 035 $a(Aleph)000572918FED01 035 $a000572918 100 $a19990604d1924----km-y0itay50------ba 101 0 $aita 105 $ay---r---001yy 200 1 $aSaggio su l'intelletto umano$fGiovanni Locke$ga cura di Augusto Guzzo 210 $aFirenze$cVallecchi$d1924 215 $aXVI, 278 p.$d20 cm 225 1 $aTesti filosofici commentati 610 0 $aConoscenza$aTeorie 676 $a192$v20 700 1$aLocke,$bJohn$f<1632-1704>$044514 801 0$aIT$bUNINA$gRICA$2UNIMARC 901 $aBK 912 $a990005729180403321 952 $aP.1 6E LOCKE 18$bIST.ST.FIL. 1667$fFLFBC 959 $aFLFBC 996 $aSaggio su l'intelletto umano$9573262 997 $aUNINA